Vista normal
Vista MARC
Entrada Personal Name
Número de registros utilizados en: 1
001 - CONTROL NUMBER
- control field: 16598
003 - CONTROL NUMBER IDENTIFIER
- control field: DLC
005 - DATE AND TIME OF LATEST TRANSACTION
- control field: 20241210092521.0
008 - FIXED-LENGTH DATA ELEMENTS
- fixed length control field: 851209n| azannaabn |n aaa
010 ## - LIBRARY OF CONGRESS CONTROL NUMBER
- LC control number: n 85212949
035 ## - SYSTEM CONTROL NUMBER
- System control number: (OCoLC)oca01460045
040 ## - CATALOGING SOURCE
- Original cataloging agency: DLC
- Language of cataloging: spa
- Description conventions: rda
- Transcribing agency: Mx-PuUPA
- Modifying agency: DLC
- Modifying agency: OCoLC
- Modifying agency: MnSST
- Modifying agency: Mx-PuUPA
046 ## - SPECIAL CODED DATES
- Birth date: 19170309
- Death date: 20100125
- Source of date scheme: edtf
100 1# - HEADING--PERSONAL NAME
- Personal name: Rengers, Christopher,
- Dates associated with a name: 1917-2010
370 ## - ASSOCIATED PLACE
- Place of birth: Pittsburgh (Pensilvania)
- Place of death: Pittsburgh (Pensilvania)
- Other associated place: Pittsburgh (Pensilvania)
- Other associated place: Washington (D.C.)
- Source of term: naf
373 ## - ASSOCIATED GROUP
- Associated group: Capuchinos
- Source of term: naf
374 ## - OCCUPATION
- Occupation: Iglesia católica--Clero
- Occupation: Autor
- Source of term: lcsh
375 ## - GENDER
- Gender: hombre
377 ## - ASSOCIATED LANGUAGE
- Language code: eng
670 ## - SOURCE DATA FOUND
- Source citation: His The youngest prophet, 1986:
- Information found: CIP t.p. (Christopher Rengers, O.F.M. Cap)
670 ## - SOURCE DATA FOUND
- Source citation: Rengers, Christopher. The 35 doctors of the church, 2014:
- Information found: title page (Fr. Christopher Rengers, O.F.M. Cap.) page 729 (born in Pittsburgh [Pennsylvania] on March 9, 1917; entered Capuchin novitiate in Cumberland, Maryland, in 1936; ordained in Washington, D.C., in 1942; earned M.A. in history from St. Louis University; served as chaplain and did parish work for over 50 years in various states; wrote books and magazine articles; founded the Queen of the Americas Guild at St. Francis Friary (Capuchin College) in Washington, D.C.; assigned to St. Augustine Friary in Pittsburgh in 2004; he died there on January 25, 2010, at age 92)